Google - ¿Por qué tal país…? #3 - Estadísticas

Estadísticas generales
  • Esta prueba ha sido intentada 3.162 veces
    3.063 desde el último reinicio
  • La puntuación promedio es 9 de 16
Estadísticas de respuestas
Pregunta País % Correcto
…tiene forma de bota? Italia
97%
…fue invadida por Alemania dos veces? Polonia
84%
…no tiene acceso al mar? Bolivia
67%
…es bueno en atletismo? Jamaica
65%
…perdió la SGM? Alemania
64%
…es el país más feliz del mundo? Finlandia
63%
…se separó de Guatemala? Belice
62%
…tiene tantas jirafas? Kenia
57%
…no es un región de China? Mongolia
57%
…vive en guerra? Siria
51%
…tiene más pirámides que Egipto? Sudán
47%
…perdió Chiapas? Guatemala
43%
…es el país más contaminado del mundo? Bangladés
41%
…tiene volcanes activos? Islandia
38%
…juega en CONCACAF? Surinam
21%
…tiene una moneda tan fuerte? (Es un tipo de dólar) Fiyi
4%
No se encontraron pruebas coincidentes
Distribución de puntuación
Porcentaje de gente con cada puntuación
Porcentaje por número respondido
Historial de tus puntuaciones
No has intentado esta prueba desde el último reinicio